Buying a house in France (Record no. 20917)

MARC details
000 -LEADER
fixed length control field 00896cab a2200193 4500
001 - CONTROL NUMBER
control field ABS41604
008 - FIXED-LENGTH DATA ELEMENTS--GENERAL INFORMATION
fixed length control field 090401t1989 xxu||||| |||| 00| 0 eng d
035 ## - SYSTEM CONTROL NUMBER
System control number (Sirsi) u31138
041 ## - LANGUAGE CODE
Language code of text/sound track or separate title eng
245 ## - TITLE STATEMENT
Title Buying a house in France
260 ## - PUBLICATION, DISTRIBUTION, ETC.
Date of publication, distribution, etc. 1989
350 ## - PRICE (NR) (BK AM CF MU VM SE) [OBSOLETE]
Price 0
490 ## - SERIES STATEMENT
Series statement Telegraph Weekend Magazine
Volume/sequential designation 30 September 1989 62-66
520 ## - SUMMARY, ETC.
Summary, etc. Three part series offering guidance to the prospective buyer of residential property in France . Lists the main French estate agencies , property magazines, French banks in Britain and British banks in France and gives examples of the experiences of people who have already bought. Examines taxation , rates , insurance , inheritance and death duties and gives sources of legal and practical information on French property.
650 ## - SUBJECT ADDED ENTRY--TOPICAL TERM
Topical term or geographic name entry element FEDERATION NATIONALE D AGENTS IMMOBILIERS
690 ## - LOCAL SUBJECT ADDED ENTRY--TOPICAL TERM (OCLC, RLIN)
Topical term or geographic name as entry element OVERSEAS
942 ## - ADDED ENTRY ELEMENTS (KOHA)
Suppress in OPAC 0
948 ## - LOCAL PROCESSING INFORMATION (OCLC); SERIES PART DESIGNATOR (RLIN)
c (OCLC) 04/03/1997
Holdings
Withdrawn status Lost status Source of classification or shelving scheme Damaged status Not for loan Home library Current library Shelving location Date acquired Total Checkouts Full call number Barcode Date last seen Copy number Price effective from Koha item type
    Dewey Decimal Classification     London London Journal article 14/09/1999   ABS41604 31138-1001 06/08/2019 1 06/08/2019 Journal article